FC 24 TOTW 24 - Statistics

General Stats
  • This quiz has been taken 9 times
  • The average score is 4 of 18
Answer Stats
rat pos club player % Correct
TOTW 91 CB Liverpool Virgil van Dijk
100%
TOTW 85 ST DC United Christian Benteke
29%
TOTW 88 ST Juventus Dušan Vlahović
29%
TOTW 90 RM OL Féminin Kadidiatou Diani
29%
TOTW 87 ST PSV Eindhoven Luuk de Jong
29%
TOTW 85 GK OGC Nice Marcin Bułka
29%
TOTW 87 RB FC Barcelona Femení Ona Batlle
29%
TOTW 89 CF AS Roma Paulo Dybala
29%
TOTW 88 LM AC Milan Rafael Leão
29%
TOTW 88 RW FC Barcelona Raphinha
29%
TOTW 87 LWB Union Berlin Robin Gosens
29%
TOTW 85 RW Crystal Palace Jordan Ayew
14%
TOTW 87 CM Brest Mahdi Camara
14%
TOTW 86 CAM Al-Ahli Roberto Firmino
14%
TOTW 85 CDM Villarreal Santi Comesa
14%
TOTW 85 RW Aston Villa Women Adriana Leon
0%
TOTW 85 ST Hoffenheim Maximilian Beier
0%
TOTW 85 CB Vejle Boldklub Raúl Albentosa
0%
No matching quizzes found
Score Distribution
Percent of People with Each Score
Percentile by Number Answered
Your Score History
You have not taken this quiz